000 00663nam a2200181Ia 4500
008 100917s9999 xx 000 0 und d
082 _b23861
100 _aआपटे हरि नारायण
245 _aसंगीत सती पिंगला (आवृत्ती 2 री)
260 _bश्रीविद्या प्रकाशन
_c1964
300 _a73
365 _b1
520 _aनाटक
630 _aसंगीत सती पिंगला (आवृत्ती 2 री)
650 _aनाटक
730 _aसंगीत सती पिंगला (आवृत्ती 2 री)
942 _cBOOK
999 _c629255
_d629252